00485 2200181 4500001002100000005001500021035002000036007000300056008004100059020001800100082001100118084001700129100001700146245006300163260004100226300002000267600001600287INLIS00000000000124620221219124336 a0010-1222000432ta221219 b 1 ind  a9786028155441 a398.24 a398.24 REN a0 aRenata Pohan1 aAnak domba yang nakal serta cerita lainnya /cRenata Pohan aBekasi :bCahaya Pustaka Raga,c2009 a62 hlm ;c25 cm 4aCerita anak